Ground-water conditions in the soil and moisture conservation demonstration area near Torrington, Goshen County, Wyoming, (Record no. 28763)
[ view plain ]
| 000 -LEADER | |
|---|---|
| fixed length control field | 01338cam a22003011 4500 |
| 001 - CONTROL NUMBER | |
| control field | gs 53000214 |
| 003 - CONTROL NUMBER IDENTIFIER | |
| control field | DLC |
| 005 - DATE AND TIME OF LATEST TRANSACTION | |
| control field | 20260227111400.0 |
| 008 - FIXED-LENGTH DATA ELEMENTS--GENERAL INFORMATION | |
| fixed length control field | 860123s1953 dcuabf b 000 0 eng c |
| 010 ## - LIBRARY OF CONGRESS CONTROL NUMBER | |
| LC control number | gs 53000214 |
| 035 ## - SYSTEM CONTROL NUMBER | |
| System control number | (OCoLC)13050248 |
| 040 ## - CATALOGING SOURCE | |
| Original cataloging agency | U.S. Geol. Survey. Libr. |
| Transcribing agency | TxHR |
| Modifying agency | OCoLC |
| -- | DLC |
| 042 ## - AUTHENTICATION CODE | |
| Authentication code | premarc |
| 050 00 - LIBRARY OF CONGRESS CALL NUMBER | |
| Classification number | QE75 |
| Item number | .C5 no. 238 |
| 100 1# - MAIN ENTRY--PERSONAL NAME | |
| Personal name | Visher, F. N. |
| Fuller form of name | (Frank Newell), |
| Dates associated with a name | 1923- |
| 245 10 - TITLE STATEMENT | |
| Title | Ground-water conditions in the soil and moisture conservation demonstration area near Torrington, Goshen County, Wyoming, |
| Statement of responsibility, etc. | by F.N. Visher and H.M. Babcock. With a section on the chemical quality of the ground water, by W.H. Durum and R.A. Krieger. |
| 260 ## - PUBLICATION, DISTRIBUTION, ETC. | |
| Place of publication, distribution, etc. | Washington, |
| Date of publication, distribution, etc. | 1953. |
| 300 ## - PHYSICAL DESCRIPTION | |
| Extent | iv, 51 p. |
| Other physical details | illus., maps (2 fold.) diagrs., fold. plate, tables. |
| Dimensions | 27 cm. |
| 490 1# - SERIES STATEMENT | |
| Series statement | Geological Survey circular |
| Volume/sequential designation | 238 |
| 500 ## - GENERAL NOTE | |
| General note | Prepared as part of a program of the Dept. of the Interior for development of the Missouri River basin. |
| 504 ## - BIBLIOGRAPHY, ETC. NOTE | |
| Bibliography, etc. note | "References": p. 33. |
| 650 #0 - SUBJECT ADDED ENTRY--TOPICAL TERM | |
| Topical term or geographic name entry element | Water-supply |
| Geographic subdivision | Wyoming |
| -- | Goshen County. |
| 650 #0 - SUBJECT ADDED ENTRY--TOPICAL TERM | |
| Topical term or geographic name entry element | Groundwater |
| Geographic subdivision | Wyoming |
| -- | Goshen County. |
| 700 1# - ADDED ENTRY--PERSONAL NAME | |
| Personal name | Babcock, H. M. |
| Fuller form of name | (Horace Maxson), |
| Dates associated with a name | 1916- |
| 700 1# - ADDED ENTRY--PERSONAL NAME | |
| Personal name | Durum, W. H. |
| Fuller form of name | (Walton Henry), |
| Dates associated with a name | 1917- |
| 700 1# - ADDED ENTRY--PERSONAL NAME | |
| Personal name | Krieger, Robert A. |
| Fuller form of name | (Robert Albert), |
| Dates associated with a name | 1918- |
| 810 2# - SERIES ADDED ENTRY--CORPORATE NAME | |
| Corporate name or jurisdiction name as entry element | Geological Survey (U.S.). |
| Title of a work | Circular ; |
| Volume/sequential designation | 238. |
No items available.